[Event "Budapest FS03 IM-A"]
[Site "Budapest"]
[Date "2009.03.09"]
[Round "3"]
[White "Arsenault, Nicolas"]
[Black "Jones, Richard M"]
[Result "0-1"]
[WhiteElo "2229"]
[BlackElo "2075"]
[PlyCount "126"]
[EventDate "2009.03.07"]
[EventType "tourn"]
[EventRounds "11"]
[EventCountry "HUN"]
[SourceTitle "CBM 129 Extra"]
[Source "ChessBase"]
[SourceDate "2009.05.05"]
[SourceVersion "2"]
[SourceVersionDate "2009.05.20"]
[SourceQuality "1"]

1. e4 c5 2. Nf3 d6 3. d4 cxd4 4. Nxd4 Nf6 5. Nc3 a6 6. f4 e5 7. Nf3 Nbd7 8. a4 Be7 9. Bd3 0-0 10. 0-0 exf4 11. Kh1 Nh5 12. Nd5 Bf6 13. Rb1 Nb6 14. Nxf6+ Qxf6 15. b3 Bg4 16. Qe1 Nd7 17. Bb2 Ne5 18. Be2 Qh6 19. Kg1 Rae8 20. Rd1 Re6 21. Bc1 Bxf3 22. Bxf3 Nxf3+ 23. Rxf3 Rfe8 24. Qb4 Rxe4 25. Qxb7 Qg5 26. Ba3 Qg4 27. Rdf1 h6 28. R3f2 Qg6 29. Qxa6 f3 30. Rxf3 Re2 31. R3f2 Nf4 32. Rxe2 Nxe2+ 33. Kh1 Re6 34. Qa8+ Kh7 35. Qf3 Nd4 36. Qd3 Nxc2 37. Qxg6+ Kxg6 38. Bb2 Re3 39. Rc1 Nb4 40. Ba3 Rxb3 41. Bxb4 Rxb4 42. Ra1 Rb6 43. Kg1 Kf5 44. a5 Ra6 45. Kf2 Ra7 46. Ke3 Ke5 47. Kd3 Kd5 48. a6 f5 49. Ra5+ Kc6 50. Kd4 g5 51. Rxf5 Rxa6 52. Rf6 Ra2 53. Rxh6 Rxg2 54. Rh5 Rg4+ 55. Kd3 Kc5 56. h4 Rxh4 57. Rxg5+ d5 58. Rg3 Ra4 59. Rg8 Ra3+ 60. Kd2 Kc4 61. Rg4+ d4 62. Rg8 Ra2+ 63. Kd1 Kc3 0-1

[Event "Budapest FS03 IM-A"]
[Site "Budapest"]
[Date "2009.03.07"]
[Round "1"]
[White "Vegh, Endre"]
[Black "Jones, Richard M"]
[Result "1/2-1/2"]
[WhiteElo "2285"]
[BlackElo "2075"]
[PlyCount "70"]
[EventDate "2009.03.07"]
[EventType "tourn"]
[EventRounds "11"]
[EventCountry "HUN"]
[SourceTitle "CBM 129 Extra"]
[Source "ChessBase"]
[SourceDate "2009.05.05"]
[SourceVersion "2"]
[SourceVersionDate "2009.05.20"]
[SourceQuality "1"]

1. d4 Nf6 2. Bg5 Ne4 3. Bf4 c5 4. f3 Qa5+ 5. c3 Nf6 6. Nd2 cxd4 7. Nb3 Qb6 8. Qxd4 Nc6 9. Qxb6 axb6 10. Nd4 e5 11. Nxc6 exf4 12. Nd4 Nd5 13. Nh3 Bc5 14. e4 fxe3 15. Bc4 Nf6 16. Nf4 0-0 17. 0-0-0 d5 18. Nxd5 Nxd5 19. Bxd5 Rd8 20. Ne2 Kf8 21. b4 Be7 22. Kb2 h5 23. Rhe1 h4 24. a3 Rb8 25. Be4 Rxd1 26. Rxd1 Be6 27. Rd3 Rd8 28. Nd4 Rxd4 29. cxd4 e2 30. Re3 Bc4 31. f4 Bd6 32. Bf3 Bxf4 33. Bxe2 Bxe3 34. Bxc4 Bxd4+ 35. Kb3 h3 1/2-1/2

[Event "Olympiad-38"]
[Site "Dresden"]
[Date "2008.11.25"]
[Round "11"]
[White "Jones, Richard M"]
[Black "Njobvu, Ignatius"]
[Result "1/2-1/2"]
[WhiteElo "2075"]
[BlackElo "2247"]
[PlyCount "81"]
[EventDate "2008.11.13"]
[EventType "team-swiss"]
[EventRounds "11"]
[EventCountry "GER"]
[SourceTitle "CBM 128"]
[Source "ChessBase"]
[SourceDate "2009.01.28"]
[SourceVersion "1"]
[SourceVersionDate "2009.01.28"]
[SourceQuality "1"]
[WhiteTeam "Wales"]
[BlackTeam "Botswana"]
[WhiteTeamCountry "WLS"]
[BlackTeamCountry "BOT"]

1. e4 c6 2. d4 d5 3. Nc3 dxe4 4. Nxe4 Nf6 5. Nxf6+ exf6 6. c3 Bd6 7. Bd3 0-0 8. Qc2 Re8+ 9. Ne2 g6 10. Be3 Qc7 11. 0-0-0 c5 12. dxc5 Bxc5 13. Bd4 Bxd4 14. Nxd4 Nc6 15. Nb5 Qf4+ 16. Kb1 Be6 17. g3 Qb8 18. Be4 Rd8 19. f4 f5 20. Bf3 a6 21. Nd4 Nxd4 22. Rxd4 Qc7 23. Rhd1 Rxd4 24. Rxd4 Re8 25. Qa4 Re7 26. Qb4 Rd7 27. b3 a5 28. Rxd7 Qxd7 29. Qd4 Qb5 30. c4 Qb4 31. Kb2 a4 32. Qc3 Qb6 33. b4 Qf2+ 34. Ka3 b5 35. Bd5 Bxd5 36. cxd5 Qe2 37. d6 Qd1 38. Qc8+ Kg7 39. d7 Qd3+ 40. Kb2 Qd2+ 41. Ka3 1/2-1/2

[Event "Olympiad-38"]
[Site "Dresden"]
[Date "2008.11.21"]
[Round "8"]
[White "Jones, Richard M"]
[Black "Eid, Fadi"]
[Result "1/2-1/2"]
[WhiteElo "2075"]
[BlackElo "2390"]
[PlyCount "70"]
[EventDate "2008.11.13"]
[EventType "team-swiss"]
[EventRounds "11"]
[EventCountry "GER"]
[SourceTitle "CBM 128"]
[Source "ChessBase"]
[SourceDate "2009.01.28"]
[SourceVersion "1"]
[SourceVersionDate "2009.01.28"]
[SourceQuality "1"]
[WhiteTeam "Wales"]
[BlackTeam "Lebanon"]
[WhiteTeamCountry "WLS"]
[BlackTeamCountry "LBN"]

1. e4 Nc6 2. Nf3 d6 3. d4 Nf6 4. Nc3 Bg4 5. Be3 e5 6. d5 Ne7 7. h3 Bd7 8. g4 h6 9. Qd2 c6 10. 0-0-0 cxd5 11. exd5 Rc8 12. Kb1 a6 13. g5 hxg5 14. Nxg5 Nf5 15. f4 Nxe3 16. Qxe3 Be7 17. Rg1 exf4 18. Qd4 Nh5 19. Nge4 Kf8 20. Be2 Ng3 21. Nxg3 fxg3 22. Rxg3 Bf6 23. Qb4 Qc7 24. Bg4 Bxg4 25. hxg4 b5 26. Rf1 Rh4 27. Qe4 Re8 28. Qd3 Qe7 29. a3 Qe5 30. Rg2 Qd4 31. Qf5 Qe5 32. Qf3 Qe3 33. Qf5 Qe5 34. Qf3 Qe3 35. Qf5 Qe5 1/2-1/2

[Event "Olympiad-38"]
[Site "Dresden"]
[Date "2008.11.17"]
[Round "5"]
[White "Jones, Richard M"]
[Black "Amer, Karim"]
[Result "1/2-1/2"]
[WhiteElo "2075"]
[BlackElo "2265"]
[PlyCount "124"]
[EventDate "2008.11.13"]
[EventType "team-swiss"]
[EventRounds "11"]
[EventCountry "GER"]
[SourceTitle "CBM 128"]
[Source "ChessBase"]
[SourceDate "2009.01.28"]
[SourceVersion "1"]
[SourceVersionDate "2009.01.28"]
[SourceQuality "1"]
[WhiteTeam "Wales"]
[BlackTeam "Pakistan"]
[WhiteTeamCountry "WLS"]
[BlackTeamCountry "PAK"]

1. e4 c5 2. Nf3 Nc6 3. d4 cxd4 4. Nxd4 Nf6 5. Nc3 e5 6. Ndb5 d6 7. Bg5 a6 8. Na3 b5 9. Bxf6 gxf6 10. Nd5 Bg7 11. Bd3 Ne7 12. Nxe7 Qxe7 13. 0-0 0-0 14. c4 f5 15. Qf3 bxc4 16. Nxc4 d5 17. exd5 e4 18. Qe3 Bb7 19. d6 Qf6 20. Bc2 Rac8 21. b3 f4 22. Qh3 Qg5 23. d7 Rc6 24. Bxe4 Rh6 25. Qf5 Qh4 26. h3 Rh5 27. Qg4 Bxe4 28. Qxh4 Rxh4 29. Rad1 Bf6 30. Rfe1 Bf5 31. Re8 Bd8 32. Rd6 f6 33. Rd5 Bg6 34. Nd6 Rh5 35. Rd1 Re5 36. Rxd8 Rxd8 37. Nb7 Rxd7 38. Rxd7 Re1+ 39. Kh2 Re2 40. f3 Rxa2 41. Nc5 a5 42. Ra7 Bh5 43. Kg1 Bf7 44. Rb7 Ra1+ 45. Kh2 Bd5 46. Rd7 Bf7 47. Rd4 Rc1 48. Nb7 Ra1 49. Nc5 Rc1 50. Nb7 Ra1 51. Rd3 Kg7 52. Rc3 Ra3 53. Rc5 Rxb3 54. Nxa5 Rb4 55. Nc6 Rc4 56. Rxc4 Bxc4 57. Nd4 Kg6 58. h4 Kh5 59. Kh3 Ba6 60. g4+ fxg3 61. Kxg3 Kg6 62. Nc2 f5 1/2-1/2

[Event "Olympiad-38"]
[Site "Dresden"]
[Date "2008.11.14"]
[Round "2"]
[White "Galego, Luis"]
[Black "Jones, Richard M"]
[Result "1-0"]
[WhiteElo "2484"]
[BlackElo "2075"]
[PlyCount "65"]
[EventDate "2008.11.13"]
[EventType "team-swiss"]
[EventRounds "11"]
[EventCountry "GER"]
[SourceTitle "CBM 128"]
[Source "ChessBase"]
[SourceDate "2009.01.28"]
[SourceVersion "1"]
[SourceVersionDate "2009.01.28"]
[SourceQuality "1"]
[WhiteTeam "Portugal"]
[BlackTeam "Wales"]
[WhiteTeamCountry "POR"]
[BlackTeamCountry "WLS"]

1. e4 c5 2. Nf3 d6 3. c3 Nf6 4. Be2 Bd7 5. d3 g6 6. 0-0 Bg7 7. Re1 0-0 8. Bf1 Nc6 9. h3 e5 10. Na3 h6 11. Nc2 Re8 12. b4 cxb4 13. cxb4 d5 14. b5 Na5 15. d4 exd4 16. e5 Ne4 17. Ncxd4 Rc8 18. Bb2 Nc4 19. Bxc4 Rxc4 20. a4 a6 21. Re3 Qc8 22. Rb1 Nc3 23. Bxc3 Rxc3 24. Rxc3 Qxc3 25. Rc1 Qa5 26. Qb3 Bc8 27. bxa6 Qxa6 28. Rc7 Qa5 29. Qc2 Be6 30. Rxb7 Bc8 31. Rc7 Ba6 32. e6 f5 33. Qc6 1-0

[Event "Olympiad-38"]
[Site "Dresden"]
[Date "2008.11.13"]
[Round "1"]
[White "Lin Chung Yu, Lee"]
[Black "Jones, Richard M"]
[Result "0-1"]
[WhiteElo "1674"]
[BlackElo "2075"]
[PlyCount "64"]
[EventDate "2008.11.13"]
[EventType "team-swiss"]
[EventRounds "11"]
[EventCountry "GER"]
[SourceTitle "CBM 128"]
[Source "ChessBase"]
[SourceDate "2009.01.28"]
[SourceVersion "1"]
[SourceVersionDate "2009.01.28"]
[SourceQuality "1"]
[WhiteTeam "Taiwan"]
[BlackTeam "Wales"]
[WhiteTeamCountry "TPE"]
[BlackTeamCountry "WLS"]

1. Nf3 Nf6 2. c4 g6 3. e3 Bg7 4. d4 0-0 5. Bd3 c5 6. b4 cxb4 7. Nbd2 d5 8. Rb1 Nc6 9. a3 a5 10. 0-0 Re8 11. Qb3 a4 12. Qa2 b3 13. Qa1 b6 14. cxd5 Nxd5 15. Bb5 Bd7 16. Bb2 Ncb4 17. axb4 Bxb5 18. Ba3 Bxf1 19. Rxf1 Qd7 20. Rc1 Qb5 21. Rc4 Rec8 22. Qf1 Rxc4 23. Qxc4 Qxc4 24. Nxc4 Rc8 25. Ncd2 Rc2 26. g3 Ra2 27. Nb1 Ra1 28. Nfd2 Nc3 29. Bb2 Rxb1+ 30. Nxb1 Nxb1 31. Bc1 a3 32. Kf1 b2 0-1

[Event "EU-Cup 24th"]
[Site "Kallithea"]
[Date "2008.10.22"]
[Round "6"]
[White "Ajvazi, Ramadan"]
[Black "Jones, Richard M"]
[Result "1/2-1/2"]
[WhiteElo "2225"]
[BlackElo "2075"]
[PlyCount "82"]
[EventDate "2008.10.17"]
[EventType "team-swiss"]
[EventRounds "7"]
[EventCountry "GRE"]
[SourceTitle "CBM 127"]
[Source "ChessBase"]
[SourceDate "2008.11.13"]
[SourceVersion "1"]
[SourceVersionDate "2008.11.13"]
[SourceQuality "1"]
[WhiteTeam "Llamkos"]
[BlackTeam "Nidum"]
[WhiteTeamCountry "KOS"]
[BlackTeamCountry "WLS"]

1. Nf3 Nf6 2. c4 g6 3. g3 Bg7 4. Bg2 0-0 5. 0-0 d6 6. Nc3 e5 7. b3 Re8 8. Bb2 c6 9. e4 Na6 10. d4 Bg4 11. dxe5 dxe5 12. h3 Qxd1 13. Raxd1 Bxf3 14. Bxf3 Nc5 15. Rd2 Bh6 16. Rd6 Ne6 17. Rfd1 Bf8 18. R6d3 Nd4 19. Bg2 Nd7 20. Na4 Bg7 21. Ba3 Bf8 22. Bb2 Bg7 23. Ba3 b6 24. Kf1 a5 25. h4 b5 26. cxb5 cxb5 27. Nc5 Nxc5 28. Bxc5 Rac8 29. Bxd4 exd4 30. f4 Rc2 31. R3d2 d3 32. e5 Kf8 33. Rxc2 dxc2 34. Rc1 Rc8 35. Be4 f6 36. exf6 Bxf6 37. Rxc2 Rxc2 38. Bxc2 Bd8 39. h5 Kg7 40. hxg6 hxg6 41. Ke2 b4 1/2-1/2

[Event "EU-Cup 24th"]
[Site "Kallithea"]
[Date "2008.10.20"]
[Round "4"]
[White "Jones, Richard M"]
[Black "Gharamian, Tigran"]
[Result "0-1"]
[WhiteElo "2075"]
[BlackElo "2555"]
[PlyCount "134"]
[EventDate "2008.10.17"]
[EventType "team-swiss"]
[EventRounds "7"]
[EventCountry "GRE"]
[SourceTitle "CBM 127"]
[Source "ChessBase"]
[SourceDate "2008.11.13"]
[SourceVersion "1"]
[SourceVersionDate "2008.11.13"]
[SourceQuality "1"]
[WhiteTeam "Nidum"]
[BlackTeam "Charleroi CREC"]
[WhiteTeamCountry "WLS"]
[BlackTeamCountry "BEL"]

1. e4 e6 2. d4 d5 3. Nc3 Nf6 4. e5 Nfd7 5. f4 c5 6. Nf3 Nc6 7. Be3 Be7 8. Qd2 0-0 9. dxc5 Bxc5 10. 0-0-0 Qa5 11. Kb1 Bb4 12. Bd3 Bxc3 13. Qxc3 Qxc3 14. bxc3 Nb6 15. Bb5 Bd7 16. c4 Nb8 17. Bxb6 Bxb5 18. cxb5 axb6 19. c4 Ra5 20. cxd5 Rxb5+ 21. Ka1 exd5 22. Rb1 Ra5 23. Rxb6 Nd7 24. Rb2 Nc5 25. Rd1 Raa8 26. g3 g6 27. Nd4 Ne4 28. Ne2 h5 29. Rd3 Nc5 30. Rd1 Ne4 31. Rd3 Nc5 32. Rd1 Rfd8 33. Nd4 Ra4 34. Nb5 d4 35. Nd6 Rda8 36. Rdd2 Ra3 37. Kb1 d3 38. Nc4 R3a6 39. Nd6 Ra3 40. Nc4 R3a6 41. Nd6 Rc6 42. Rb4 f5 43. Rb5 Na4 44. Rxd3 Nc3+ 45. Rxc3 Rxc3 46. Rxb7 Rca3 47. e6 R3a7 48. Rb6 Kf8 49. Nf7 Ra6 50. Rxa6 Rxa6 51. Ng5 Ra3 52. Kb2 Rd3 53. a4 h4 54. gxh4 Rd4 55. Kb3 Ke7 56. a5 Kf6 57. Ka3 Rxf4 58. a6 Rc4 59. a7 Rc8 60. Kb4 Ra8 61. Kc5 Rxa7 62. Kd6 Ra6+ 63. Kd7 Ra7+ 64. Kd6 Rb7 65. Kc6 Rb4 66. Kd7 Rd4+ 67. Ke8 Rxh4 0-1

[Event "South Wales op 5th"]
[Site "Treforest"]
[Date "2008.07.10"]
[Round "9"]
[White "Cobb, James"]
[Black "Jones, Richard M"]
[Result "1-0"]
[WhiteElo "2432"]
[BlackElo "2075"]
[PlyCount "43"]
[EventDate "2008.07.05"]
[EventType "swiss"]
[EventRounds "9"]
[EventCountry "WLS"]
[SourceTitle "CBM 125 Extra"]
[Source "ChessBase"]
[SourceDate "2008.09.01"]
[SourceVersion "1"]
[SourceVersionDate "2008.09.01"]
[SourceQuality "1"]

1. c4 Nf6 2. Nc3 g6 3. g3 Bg7 4. Bg2 0-0 5. Nf3 d6 6. 0-0 e5 7. d3 Na6 8. Rb1 Nc5 9. b4 Ne6 10. e3 Nh5 11. d4 f5 12. Bb2 exd4 13. exd4 Re8 14. Qd2 Nf6 15. Rfe1 d5 16. cxd5 Nxd5 17. Nxd5 Qxd5 18. Ne5 Qd8 19. Qc3 Nf8 20. Qc4+ Be6 21. d5 Bc8 22. Rbc1 1-0

[Event "South Wales op 5th"]
[Site "Treforest"]
[Date "2008.07.10"]
[Round "8"]
[White "Jones, Richard M"]
[Black "Menadue, Jeremy FS"]
[Result "1-0"]
[WhiteElo "2075"]
[BlackElo "2179"]
[PlyCount "61"]
[EventDate "2008.07.05"]
[EventType "swiss"]
[EventRounds "9"]
[EventCountry "WLS"]
[SourceTitle "CBM 125 Extra"]
[Source "ChessBase"]
[SourceDate "2008.09.01"]
[SourceVersion "1"]
[SourceVersionDate "2008.09.01"]
[SourceQuality "1"]

1. e4 Nf6 2. e5 Nd5 3. d4 d6 4. Nf3 Nc6 5. c4 Nb6 6. e6 fxe6 7. Nc3 g6 8. h4 Bg7 9. h5 e5 10. d5 Nd4 11. hxg6 Bg4 12. gxh7 Qd7 13. Bd3 0-0-0 14. Be3 Rdf8 15. Bxd4 exd4 16. Ne4 e6 17. dxe6 Bxe6 18. Qc2 Nxc4 19. 0-0-0 Nb6 20. Neg5 Bf5 21. Rh4 Kb8 22. Rf4 Bxd3 23. Rxf8+ Rxf8 24. Qxd3 c5 25. Qg6 Na4 26. Ne6 Qb5 27. b3 Qb4 28. Nxf8 Qa3+ 29. Kd2 Qb2+ 30. Ke1 Nc3 31. Qxd6+ 1-0

[Event "BCF-chT3 0708 (4NCL)"]
[Site "Sunningdale"]
[Date "2008.05.03"]
[Round "9.4"]
[White "Marsh, Roger DW"]
[Black "Jones, Richard M"]
[Result "1/2-1/2"]
[WhiteElo "2088"]
[BlackElo "2064"]
[PlyCount "139"]
[EventDate "2007.09.15"]
[EventType "team-tourn"]
[EventRounds "11"]
[EventCountry "ENG"]
[SourceTitle "EXT 2023"]
[Source "ChessBase"]
[SourceDate "2022.10.05"]
[SourceVersion "1"]
[SourceVersionDate "2022.10.05"]
[SourceQuality "1"]
[WhiteTeam "Wessex II"]
[BlackTeam "Cambridge II"]
[WhiteTeamCountry "ENG"]
[BlackTeamCountry "ENG"]

1. d4 d5 2. c4 e6 3. cxd5 exd5 4. Nc3 Nf6 5. Bg5 Nbd7 6. e3 Be7 7. Bd3 0-0 8. Qc2 c6 9. Nge2 h6 10. Bh4 Ne8 11. Bxe7 Qxe7 12. 0-0 Nd6 13. Ng3 Nf6 14. Rfc1 Re8 15. Nf5 Nxf5 16. Bxf5 Bxf5 17. Qxf5 Ne4 18. Nxe4 Qxe4 19. Qxe4 Rxe4 20. b4 a6 21. a4 Re6 22. Rc5 Kf8 23. Rac1 Ke7 24. g3 Kd7 25. b5 axb5 26. axb5 Ra5 27. bxc6+ Rxc6 28. Rxc6 bxc6 29. Rc2 Kd6 30. Rb2 Kc7 31. Kf1 Ra3 32. Ke2 Ra5 33. h4 Ra1 34. Kf3 Ra4 35. Rc2 Kd6 36. h5 Ra1 37. Rb2 Kc7 38. Kf4 Ra4 39. Kf5 Ra1 40. g4 Rh1 41. Ra2 Kb7 42. f3 Rf1 43. Kf4 Rd1 44. Ra3 Rf1 45. Ra2 Rd1 46. Rg2 Rh1 47. g5 Rxh5 48. gxh6 Rxh6 49. Rxg7 Rf6+ 50. Kg3 Kc7 51. f4 Kd7 52. Kg4 Ke7 53. Rg8 Re6 54. Kf3 Kd7 55. f5 Rh6 56. Kf4 Rh4+ 57. Rg4 Rh3 58. Rg3 Rh8 59. Ke5 Rh6 60. Rg2 Ke7 61. Ra2 f6+ 62. Kf4 Rh1 63. Ra7+ Kf8 64. Rc7 Rf1+ 65. Kg4 Rg1+ 66. Kf3 Rf1+ 67. Ke2 Rxf5 68. Rxc6 Ke7 69. Ra6 Rh5 70. Kf3 1/2-1/2

[Event "BCF-chT3 0708 (4NCL)"]
[Site "Sunningdale"]
[Date "2007.11.11"]
[Round "4.5"]
[White "Cumbers, Paul"]
[Black "Jones, Richard M"]
[Result "1-0"]
[WhiteElo "2128"]
[BlackElo "2086"]
[PlyCount "97"]
[EventDate "2007.09.15"]
[EventType "team-tourn"]
[EventRounds "11"]
[EventCountry "ENG"]
[SourceTitle "EXT 2023"]
[Source "ChessBase"]
[SourceDate "2022.10.05"]
[SourceVersion "1"]
[SourceVersionDate "2022.10.05"]
[SourceQuality "1"]
[WhiteTeam "Pandoras Box"]
[BlackTeam "Cambridge II"]
[WhiteTeamCountry "ENG"]
[BlackTeamCountry "ENG"]

1. e4 e5 2. Nc3 Nf6 3. g3 Bc5 4. Bg2 0-0 5. Nge2 Nc6 6. 0-0 a6 7. h3 Ne8 8. Kh2 d6 9. f4 f6 10. Nd5 Ne7 11. c3 Nxd5 12. exd5 f5 13. fxe5 dxe5 14. d4 exd4 15. Nxd4 Qf6 16. Be3 Qg6 17. Nxf5 Bxf5 18. Bxc5 Nd6 19. Bxd6 Qxd6 20. Qd4 Rae8 21. Rae1 Rxe1 22. Rxe1 Qd7 23. d6 cxd6 24. Qd5+ Kh8 25. Rf1 Rf7 26. g4 Be6 27. Rxf7 Qxf7 28. Qxd6 Qe8 29. Qe5 Qd7 30. Qb8+ Bg8 31. Qxb7 Qd6+ 32. Kg1 Qd2 33. Qb8 h6 34. Kh1 Qc1+ 35. Kh2 Kh7 36. Be4+ Kh8 37. a3 Qd2+ 38. Bg2 Kh7 39. Kg1 Qc1+ 40. Kh2 Qd2 41. c4 Qe2 42. b3 Bf7 43. Qf4 Bg6 44. b4 Qa2 45. b5 Qb3 46. a4 Qb4 47. Qd4 Qxa4 48. b6 Qe8 49. Qf4 1-0

[Event "BCF-chT3 0708 (4NCL)"]
[Site "Sunningdale"]
[Date "2007.11.10"]
[Round "3.5"]
[White "Jones, Richard M"]
[Black "Pafura, Godfrey"]
[Result "0-1"]
[WhiteElo "2086"]
[BlackElo "2097"]
[PlyCount "68"]
[EventDate "2007.09.15"]
[EventType "team-tourn"]
[EventRounds "11"]
[EventCountry "ENG"]
[SourceTitle "EXT 2023"]
[Source "ChessBase"]
[SourceDate "2022.10.05"]
[SourceVersion "1"]
[SourceVersionDate "2022.10.05"]
[SourceQuality "1"]
[WhiteTeam "Cambridge II"]
[BlackTeam "Slough Sharks II"]
[WhiteTeamCountry "ENG"]
[BlackTeamCountry "ENG"]

1. e4 c6 2. d4 d5 3. f3 Nf6 4. Nc3 dxe4 5. fxe4 e5 6. dxe5 Qxd1+ 7. Kxd1 Ng4 8. Ke1 Nxe5 9. Nf3 Ng6 10. Be3 Bb4 11. Bc4 0-0 12. Rf1 Bg4 13. h3 Bxf3 14. gxf3 Nd7 15. Rd1 Nf6 16. a3 Ba5 17. Rf2 Rfe8 18. Ba2 Bc7 19. Ne2 Rad8 20. Rxd8 Rxd8 21. Bg5 Be5 22. c3 h6 23. Be3 Bb8 24. Rf1 Ne5 25. Nc1 Ng6 26. Rg1 Nh4 27. Ke2 Nh5 28. Bd4 Nf4+ 29. Kf1 g5 30. Ne2 Nxf3 31. Rh1 Nd2+ 32. Ke1 Nxe4 33. Nxf4 Bxf4 34. Bxa7 Bd2+ 0-1

[Event "BCF-chT3 0708 (4NCL)"]
[Site "Sunningdale"]
[Date "2007.09.15"]
[Round "1"]
[White "Jones, Richard M"]
[Black "Redmond, John P"]
[Result "1/2-1/2"]
[WhiteElo "2086"]
[BlackElo "2212"]
[PlyCount "98"]
[EventDate "2007.09.15"]
[EventType "team-tourn"]
[EventRounds "11"]
[EventCountry "ENG"]
[SourceTitle "CBM 120 Extra"]
[Source "ChessBase"]
[SourceDate "2007.11.01"]
[SourceVersion "1"]
[SourceVersionDate "2007.11.01"]
[SourceQuality "1"]
[WhiteTeam "Cambridge II"]
[BlackTeam "NW Eagles"]
[WhiteTeamCountry "ENG"]
[BlackTeamCountry "ENG"]

1. e4 e6 2. d4 d5 3. Nd2 Be7 4. Ngf3 Nf6 5. Bd3 c5 6. dxc5 dxe4 7. Nxe4 Nxe4 8. Bxe4 Qxd1+ 9. Kxd1 Bxc5 10. Ke2 Nd7 11. Bd3 0-0 12. Re1 b6 13. Be3 Bb7 14. Rad1 Bxe3 15. Kxe3 Nf6 16. c4 Rac8 17. b3 e5 18. Bf5 Rc5 19. a4 g6 20. Bb1 Re8 21. h3 Rc7 22. Rd6 Nh5 23. g3 f5 24. Ng5 Rce7 25. Ke2 Kg7 26. Red1 Nf6 27. Rd8 Rxd8 28. Rxd8 h6 29. Nf3 Ne4 30. Rd3 Nxg3+ 31. fxg3 e4 32. Rd2 exf3+ 33. Kf2 Kf6 34. b4 g5 35. c5 bxc5 36. bxc5 g4 37. h4 Bc6 38. Bc2 Re5 39. Rd6+ Re6 40. Rd2 a5 41. Bb3 Re2+ 42. Rxe2 fxe2 43. Kxe2 Ke5 44. Ke3 Bd7 45. Bc2 Be8 46. Bb3 Bc6 47. Bc2 Be8 48. Bb3 Bc6 49. Bc2 Be8 1/2-1/2

[Event "Edinburgh Premier"]
[Site "Edinburgh"]
[Date "2007.04.13"]
[Round "1"]
[White "McGowan, Daniel"]
[Black "Jones, Richard M"]
[Result "0-1"]
[WhiteElo "2105"]
[BlackElo "2086"]
[PlyCount "56"]
[EventDate "2007.04.13"]
[EventType "swiss"]
[EventRounds "5"]
[EventCountry "SCO"]
[SourceTitle "EXT 2008"]
[Source "ChessBase"]
[SourceDate "2007.11.25"]
[SourceVersion "1"]
[SourceVersionDate "2007.11.25"]
[SourceQuality "1"]

1. e4 c5 2. c3 Nf6 3. e5 Nd5 4. Nf3 Nc6 5. Bc4 Nb6 6. Bb3 c4 7. Bc2 Qc7 8. Qe2 g5 9. Nxg5 Qxe5 10. d4 cxd3 11. Bxd3 Qxe2+ 12. Kxe2 h6 13. Nf3 d5 14. Bb5 a6 15. Be3 axb5 16. Bxb6 e5 17. Nbd2 b4 18. Nb3 Rg8 19. g3 bxc3 20. bxc3 Ba3 21. Rad1 e4 22. Nfd4 Bg4+ 23. f3 exf3+ 24. Nxf3 Ne5 25. Nbd4 Rg6 26. Bc7 Nxf3 27. Nxf3 Bc5 28. Rd2 Re6+ 0-1

[Event "BCF-chT4a 0405 (4NCL)"]
[Site "Telford"]
[Date "2005.02.26"]
[Round "5.2"]
[White "Truman, Richard G"]
[Black "Jones, Richard M"]
[Result "1/2-1/2"]
[WhiteElo "2019"]
[BlackElo "2072"]
[PlyCount "71"]
[EventDate "2004.11.06"]
[EventType "team"]
[EventRounds "11"]
[EventCountry "ENG"]
[SourceTitle "EXT 2006"]
[Source "ChessBase"]
[SourceDate "2005.11.24"]
[SourceVersion "1"]
[SourceVersionDate "2005.11.24"]
[SourceQuality "1"]
[WhiteTeam "Nottinghamshire"]
[BlackTeam "Cambridge II"]
[WhiteTeamCountry "ENG"]
[BlackTeamCountry "ENG"]

1. d4 Nf6 2. c4 e6 3. Nc3 Bb4 4. e3 c5 5. Nge2 b6 6. a3 Bxc3+ 7. Nxc3 Bb7 8. d5 d6 9. e4 e5 10. Be2 0-0 11. 0-0 Qe7 12. Bg5 h6 13. Bh4 Nbd7 14. b4 g5 15. Bg3 Nxe4 16. Nxe4 f5 17. Bd3 fxe4 18. Bxe4 Nf6 19. Qd3 Nxe4 20. Qxe4 Qh7 21. Rfe1 Bc8 22. Qxh7+ Kxh7 23. f3 Bf5 24. Re3 Kg6 25. Ra2 Rac8 26. Rc3 Rf7 27. b5 Rcf8 28. h3 h5 29. a4 g4 30. hxg4 hxg4 31. a5 gxf3 32. gxf3 Bb1 33. Rg2 Kh6 34. Rh2+ Kg6 35. Rg2 Kh6 36. Rh2+ 1/2-1/2

[Event "Coventry op 1st"]
[Site "Coventry"]
[Date "2004.04.16"]
[Round "1"]
[White "Jones, Richard M"]
[Black "Horton, Justin"]
[Result "1/2-1/2"]
[WhiteElo "2063"]
[BlackElo "2056"]
[PlyCount "85"]
[EventDate "2004.04.16"]
[EventType "swiss"]
[EventRounds "5"]
[EventCountry "ENG"]
[SourceTitle "CBM 099 Extra"]
[Source "ChessBase"]
[SourceDate "2004.05.04"]
[SourceVersion "1"]
[SourceVersionDate "2004.05.04"]
[SourceQuality "1"]

1. e4 e5 2. f4 exf4 3. Bc4 Nf6 4. Nc3 c6 5. Qe2 d5 6. exd5+ Be7 7. d4 0-0 8. Bxf4 cxd5 9. Bb3 Bb4 10. Nf3 Re8 11. Be5 Ne4 12. 0-0 Nxc3 13. bxc3 Bxc3 14. Rad1 Nc6 15. Qb5 Be6 16. Qxb7 Nxe5 17. Nxe5 Qb6 18. Qxb6 axb6 19. Rd3 Rec8 20. Nxf7 Bxf7 21. Rxf7 Kxf7 22. Bxd5+ Ke7 23. Bxa8 Bxd4+ 24. Rxd4 Rxa8 25. a4 Rc8 26. Rb4 Rxc2 27. Rxb6 Ra2 28. Ra6 Kf7 29. h3 Ke7 30. Kh2 Ra3 31. h4 Kf7 32. h5 h6 33. g3 Ra1 34. Kh3 Ra2 35. a5 Ra4 36. Ra7+ Kf6 37. a6 Ra5 38. Kh4 Ra4+ 39. g4 Ra3 40. Ra8 Ra4 41. a7 Kf7 42. Kg3 Ra3+ 43. Kf4 1/2-1/2

[Event "Oxford Uni-Wales"]
[Site "Oxford"]
[Date "2004.02.15"]
[Round "?.2"]
[White "Bigg, Andrew J"]
[Black "Jones, Richard M"]
[Result "1-0"]
[WhiteElo "2267"]
[BlackElo "2063"]
[PlyCount "87"]
[EventDate "2004.02.15"]
[EventType "team"]
[EventRounds "1"]
[EventCountry "ENG"]
[SourceTitle "EXT 2005"]
[Source "ChessBase"]
[SourceDate "2004.11.15"]
[SourceVersion "1"]
[SourceVersionDate "2004.11.15"]
[SourceQuality "1"]

1. d4 Nf6 2. Bg5 e6 3. e4 c5 4. d5 h6 5. Bxf6 Qxf6 6. Nc3 d6 7. Nf3 Qd8 8. Bb5+ Bd7 9. dxe6 fxe6 10. Nd2 Qg5 11. 0-0 Nc6 12. Nc4 0-0-0 13. f4 Qe7 14. Bxc6 Bxc6 15. Qg4 h5 16. Qh3 g6 17. Rae1 Rg8 18. Nd5 Qf7 19. Na5 Be8 20. Ne3 Kb8 21. a3 b6 22. Nac4 Bc6 23. Nd2 Bg7 24. c3 Bh6 25. Qg3 Qb7 26. Nec4 Ka8 27. e5 d5 28. Nd6 Qd7 29. b4 Bf8 30. Qe3 Bxd6 31. exd6 Bb5 32. c4 dxc4 33. Ne4 cxb4 34. axb4 Rgf8 35. Ra1 Qb7 36. Rfd1 Bc6 37. Ng5 Rfe8 38. Nxe6 Rd7 39. Qe5 Kb8 40. Ra2 c3 41. Re2 Ba4 42. Rc1 Bb3 43. Qxc3 Bd5 44. Nc5 1-0